| 000 | 00610nam a22002057a 4500 | ||
|---|---|---|---|
| 003 | OSt | ||
| 005 | 20140310181800.0 | ||
| 008 | 130702t xxu||||| |||| 00| 0 eng d | ||
| 020 | _a9780886879396 | ||
| 050 |
_aAY 61 _b.W927 2005 |
||
| 082 |
_aREF 030 _bW89 2005 |
||
| 245 |
_aThe World almanac and book of facts 2005 / _c William A. McGeveran Jr. (editorial director). |
||
| 260 |
_aNew York, NY : _bWorld Almanac Books, _c2005. |
||
| 300 |
_a1008 p. : _bill. col. ; _c26 cm. : |
||
| 520 | _a1. Almanacs. | ||
| 521 | _aBasic ed. students | ||
| 541 | _j1 | ||
| 562 | _e1 | ||
| 942 |
_2lcc _cBK-GR _kREF |
||
| 999 |
_c3588 _d3588 |
||